| 000 | 00685nam a2200241 a 4500 | ||
|---|---|---|---|
| 008 | |||
| 020 | _a0582236312 (pbk.) | ||
| 049 | _aMAIN | ||
| 090 | _aTA710 | ||
| 100 | 1 | _aWhitlow, R. | |
| 245 | 1 | 0 |
_aBasic soil mechanics / _cR. Whitlow. |
| 250 | _a3rd ed. | ||
| 260 |
_aHarlow, Essex, England : _bLongman Scientific & Technical, _c1995. |
||
| 300 |
_axxi, 559 p. : _bill. ; _c24 cm. |
||
| 504 | _aIncludes bibliographical references. | ||
| 500 | _aIncludes index. | ||
| 650 | 0 | _aSoil mechanics. | |
| 907 |
_a.b10128670 _b21-02-12 _c23-06-04 |
||
| 003 | |||
| 005 | 20240308145533.0 | ||
| 040 | _cNUST | ||
| 942 |
_cBOOKS _kTA710 _01 |
||
| 999 |
_c132405 _d132405 |
||